000
00221 a2200097 4500
001
24688
100
_a
Shigley, J E
245
_a
Simulation of Mechanical Systems
260
_a
_b
McGraw-Hill
_c
1967
090
_c
16660
_d
16660
942
_a
NUST-CAE
_c
M
_c
7403
999
_c
259761
_d
259761